Statistics for Southwest Airlines California Destinations

Click here to take the quiz!

General Stats

  • This quiz has been taken 102 times
  • The average score is 8 of 10

Answer Stats

HintAnswer% Correct
SoCalLos Angeles
100%
SoCalSan Diego
97%
NorCalSan Francisco
96%
NorCalSacramento
86%
NorCalOakland
83%
NorCalSan Jose
80%
SoCalLong Beach
74%
SoCalBurbank
67%
SoCalOntario
65%
SoCalJohn Wayne
32%

Score Distribution

Percentile by Number Answered

Percent of People with Each Score

Your Score History

You have not taken this quiz